000 00527nam a2200181Ia 4500
008 140626s9999 xx 000 0 und d
100 _aOhlendorf, Jennifer.
245 _aPostpartum weight self-management: a concept analysis /
_cJennifer Ohlendorf.
260 _cc2013.
300 _a27 : 1, page 35
440 _aResearch and Theory for Nursing Practice
521 _aNUR
650 _aConcept analysis.
650 _aHealth promotion.
650 _aPostpartum.
650 _aWeight self-management.
942 _cSE
999 _c121390
_d121390